000 01655nam a2200397 c 4500
003 BLK
005 20180918155415.0
008 180408b bul|||||r ||||||| ||bul||
010 _aKNG00069056000
020 _a954-07-2015-Х
_bиздат.: Унив. изд. Св. Климент Охридски
040 _aBLK
041 _aBUL
_cBUL
080 _aПолитическа теория. Политическа идеология. Политология
_b32.01
_x
_z32.01
080 _aПолитически партии и движения
_b329
_x.01
_z329.01
100 1 _aКарасимеонов, Георги Матеев
_eпърви автор
_9261534
139 _aКарасимеонов, Георги Матеев
_bК 36
245 1 0 _aПолитика и политически институции
_cГеорги Матеев Карасимеонов.
250 _a2. доп. и прераб. изд.
257 _aBGR
260 София
_bУнив. изд. Св. Климент Охридски
_c2004
300 _a172 с.
_bс табл., сх.
_c24 см
380 _a3
490 1 _aУниверситетска библиотека
_v440
500 _a1. изд. 1997. - Библиогр. с. 168-171
504 _a168-171
650 4 _aПолитическа наука
_9250352
650 4 _aПартии, политически - теория
_9261535
653 _aполитология
653 _aпартии
653 _aполитически партии
852 _aЦб 229804
856 4 _qpdf
_u
856 4 _qpdf
_u
942 _cKNG
_n0
_01
944 _aCR
_c30.10.2006
_kГеновева_Генчева
944 _aED
_c02.11.2006
_k
999 _c64786
_d64786